| 000 | 01835nam a2200469Ii 4500 | ||
|---|---|---|---|
| 001 | DIGABYALA0163 | ||
| 003 | NyNyDIG | ||
| 006 | m o d | ||
| 007 | cr ||||||||||| | ||
| 008 | 220915s2019 ec a ob 000 0 spa d | ||
| 035 | _a(OCoLC)1350507412 | ||
| 040 |
_aDGITA _beng _erda _epn _cDGITA |
||
| 020 |
_z9789978175113 _qFlacso Ecuador |
||
| 020 |
_z9789942096487 _qAbya Yala |
||
| 043 | _as-ec--- | ||
| 050 | 1 | 4 | _aHV9960.E2 ebook |
| 082 | 0 | 4 | _a347.866 |
| 100 | 1 |
_aGoetschel, Ana María, _eauthor. |
|
| 245 | 1 | 0 |
_aMoral y orden : _bla delincuencia y el castigo en los inicios de la modernidad en Ecuador / _cAna María Goetschel. |
| 264 | 1 |
_aQuito, Ecuador : _bFlacso Ecuador : _bAbya Yala, _c[2019] |
|
| 300 |
_a1 online resource : _billustrations. |
||
| 336 |
_atext _btxt _2rdacontent |
||
| 337 |
_acomputer _bc _2rdamedia |
||
| 338 |
_aonline resource _bcr _2rdacarrier |
||
| 347 |
_atext file _2rdaft |
||
| 347 | _bPDF | ||
| 490 | 1 | _aSerie Atrio | |
| 504 | _aIncludes bibliographical references. | ||
| 588 | 0 | _aOnline resource; title from PDF title page (Digitalia, viewed September 15, 2022) | |
| 650 | 0 |
_aCriminal justice, Administration of _xPolitical aspects _zEcuador _xHistory. |
|
| 650 | 0 |
_aCrime _xPolitical aspects _zEcuador _xHistory. |
|
| 650 | 0 |
_aCorrections _xPolitical aspects _zEcuador _xHistory. |
|
| 651 | 0 |
_aEcuador _xPolitics and government. |
|
| 655 | 0 | _aElectronic books. | |
| 791 | 2 |
_aDigitalia (Firm), _edistributor. |
|
| 793 | 0 |
_gDigitalia eBook Collection: _aEdiciones Abya-Yala |
|
| 776 | 0 | 8 |
_iPrint version: _aGoetschel, Ana María. _tMoral y orden. _dQuito, Ecuador : Abya Yala : Flacso Ecuador, [2019] _z9789978175113 |
| 830 | 0 | _aAtrio. | |
| 856 | 4 | 0 |
_3Digitalia Hispánica _uhttps://www.digitaliapublishing.com/a/107764/ |
| 910 | _aPremium collection: 2022 | ||
| 942 | _cRAA | ||
| 999 |
_c271606 _d271606 |
||